|
|
|
|
| LEADER |
01515nam a2200313 a 4500 |
| 001 |
26967 |
| 008 |
130512s1989 enka b i100 0 eng d |
| 010 |
|
|
|a 88020175
|
| 020 |
|
|
|a 1851480277
|
| 040 |
|
|
|a DLC
|c DLC
|d DLC
|d BD-DhAAL
|
| 082 |
0 |
0 |
|a 363.7/28
|2 19
|
| 245 |
0 |
0 |
|a Hazardous waste management :
|b selected papers from an international expert workshop convened by UNIDO in Vienna, 22-26 June 1987 /
|c edited by Sonia P. Maltezou, Asit K. Biswas, and Hans Sutter.
|
| 260 |
|
|
|a London ;
|a New York :
|b Tycooly,
|c c1989.
|
| 300 |
|
|
|a xviii, 344 p. :
|b ill. ;
|c 24 cm.
|
| 490 |
|
0 |
|a Natural resources and the environment series ;
|v v. 23
|
| 500 |
|
|
|a "Published on behalf of the United Nations Industrial Development Organization and the International Association for Clean Technology."
|
| 504 |
|
|
|a Includes bibliographical references.
|
| 541 |
1 |
|
|e 26967
|
| 650 |
|
0 |
|a Hazardous wastes
|x Management
|x Congresses.
|
| 650 |
|
0 |
|a Hazardous wastes
|x Congresses.
|
| 650 |
|
0 |
|a Hazardous wastes
|x Developing countries
|x Congresses.
|
| 700 |
1 |
|
|a Maltezou, Sonia P.
|
| 700 |
1 |
|
|a Biswas, Asit K.
|
| 700 |
1 |
|
|a Sutter, Hans,
|c Wiss.-Direkt. Dr.
|
| 710 |
2 |
|
|a United Nations Industrial Development Organization.
|
| 710 |
2 |
|
|a International Association for Clean Technology.
|
| 852 |
1 |
|
|a Ayesha Abed Library
|j General Shelf.
|
| 999 |
|
|
|c 13444
|d 13444
|
| 952 |
|
|
|0 0
|1 0
|2 ddc
|4 0
|6 363_728000000000000_HAZ
|7 0
|9 22396
|a BRACUL
|b BRACUL
|c GEN
|d 2013-05-19
|e VC of BRACU
|l 1
|m 12
|o 363.728 HAZ
|p 3010026967
|r 2019-03-28
|s 2019-01-22
|t 1
|w 2013-05-19
|y BK
|